Vanity fair (Record no. 4262)

MARC details
000 -LEADER
fixed length control field 00456cam a2200181ua 4500
001 - CONTROL NUMBER
control field 5082
005 - DATE AND TIME OF LATEST TRANSACTION
control field 20260515113831.0
008 - FIXED-LENGTH DATA ELEMENTS--GENERAL INFORMATION
fixed length control field 120303n ii |||gr||||Z||||||eng
040 ## - CATALOGING SOURCE
Transcribing agency MAIN
082 ## - DEWEY DECIMAL CLASSIFICATION NUMBER
Classification number 823
100 ## - MAIN ENTRY--PERSONAL NAME
Personal name Thackeray, William Makepeace,
Relator term Author.,
245 11 - TITLE STATEMENT
Title Vanity fair
Statement of responsibility, etc. by William Makepeace Thackeray
250 ## - EDITION STATEMENT
Edition statement 1st.
260 ## - PUBLICATION, DISTRIBUTION, ETC.
Place of publication, distribution, etc. New Delhi:
Name of publisher, distributor, etc. S. Chand & company.
300 ## - PHYSICAL DESCRIPTION
Extent 124p:
Dimensions 15cm.
653 ## - INDEX TERM--UNCONTROLLED
Uncontrolled term English fiction
942 ## - ADDED ENTRY ELEMENTS (KOHA)
Koha item type Books
Holdings
Withdrawn status Lost status Damaged status Not for loan Home library Current library Shelving location Date acquired Total checkouts Full call number Barcode Date last seen Copy number Price effective from Koha item type
        Naharkatiya College Library Naharkatiya College Library General stacks 09/19/2020   823 | THA 6079 09/19/2020 1 09/19/2020 Books